000 00278nam a22001217a 4500
040 _cSK
082 _a333
100 _aNA
245 _aForest concession management plan of pheapimex fuchan cambodia co., ltd
260 _aKOMPONG THOM
_bNA
_c2002
300 _a59p.
942 _cEK
999 _c9227
_d9227